| 000 | 00847 a2200181 4500 | ||
|---|---|---|---|
| 001 | 139552 | ||
| 040 | _cLeonardo Da Vinci | ||
| 041 | _aPortuguês | ||
| 082 |
_a510 A572m _bA572m |
||
| 100 |
_aANDRAUS, Sylvio _aSANTOS, Udmyr P |
||
| 245 |
_aMatemática _bno ensino de segundo grau |
||
| 250 | _av. 3 | ||
| 260 |
_bCia. Editora Nacional _c1973 _aSão Paulo |
||
| 300 | _a254 | ||
| 362 | _a19730000 | ||
| 697 |
_aMatemática _aGeometria analítica _aCoordenadas cartesianas _aReta _aPonto médio _aBaricentro _aDeclive de reta _aIntersecção de curvas _aIntersecção de retas _aEquação _aMediatriz _aBissetriz _aCírculo _aElipse _aHipérbole _aParábola _aFunções _aConstante _aDerivadas _aTangente _aConcavidade _aNúmeros complexos]Polinômios _aFórmula de Moivre _aPolinômios _aFórmula de Taylor _aRaízes _aTeorema de Bolzano _aEnsino Médio |
||
| 942 | _cBK | ||
| 999 |
_c139552 _d139552 |
||